Environmentálne označovanie produktov bakalárska práca

Gespeichert in:
Bibliographische Detailangaben
1. Verfasser: Kaščáková, Klaudia
Körperschaft: Podnikovohospodárska fakulta EU so sídlom v Košiciach. Katedra manažmentu
Weitere Verfasser: Bosák, Martin, 1967-
Format: Buch
Sprache:Slowakisch
Veröffentlicht: Košice 2017
Tags: Tag hinzufügen
Keine Tags, Fügen Sie das erste Tag hinzu!

MARC

LEADER 00000nbm a2200000 4500
001 0231695
005 20171113105633.4
041 0 |a slo 
044 |a SK 
245 1 0 |a Environmentálne označovanie produktov  |b bakalárska práca  |c Klaudia Kaščáková ; školiteľ: Martin Bosák 
264 1 |a Košice  |c 2017 
300 |a 49 s. 
100 1 |a Kaščáková, Klaudia 
700 1 |a Bosák, Martin, 1967- 
710 2 |a Podnikovohospodárska fakulta EU so sídlom v Košiciach. Katedra manažmentu